000
00262nam a22001097a 4500
008
180803b xxu||||| |||| 00| 0 eng d
082
_a
813.52
245
_a
The rise and fall of the third reich
_c
MGM
260
_c
1986
300
_a
1
_f
Cassette
942
_2
ddc
_c
MX
999
_c
46754
_d
46754